[Event "2019 Standard Chess Dropout Tournament, Round 2"]
[Site "SchemingMind.com"]
[Date "2019.04.13"]
[Round "2"]
[White "Robert Pallett"]
[Black "Glenn O'Brien"]
[Result "1-0"]
[WhiteCountry "ENG"]
[BlackCountry "AUS"]
[WhiteElo "2398"]
[WhiteRD "86"]
[BlackElo "1953"]
[BlackRD "87"]
[GameID "440131"]

1. e4 e5 2. Nf3 Nc6 3. Bb5 a6 4. Ba4 Nf6 5. O-O Be7 6. Re1 b5 7. Bb3 O-O 8. c3 d6 9. h3 Na5 10. Bc2 c5
11. d4 Qc7 12. Nbd2 cxd4 13. cxd4 Nc6 14. Nb3 a5 15. Be3 a4 16. Nbd2 Bd7 17. Rc1 Qb7 18. Nf1 Rfe8 19. Ng3 Bd8 20. Qe2 h6
21. dxe5 Nxe5 22. Nxe5 dxe5 23. Nf5 Bxf5 24. exf5 Bb6 25. Qxb5 Reb8 26. Qxb6 Qxb6 27. Bxb6 Rxb6 28. Rb1 Ra5 29. b4 axb3 30. Bxb3 Rb7
31. Rbc1 e4 32. g4 Rd7 33. Kg2 Kh7 34. Rc6 Ra3 35. Re3 Rd2 36. Rc5 Ra7 37. a4 Rad7 38. a5 Ra7 39. Rec3 Nd7 40. Rb5 Nf6
41. Re5 Rb2 42. Bc4 Rc7 43. a6 Rb8 44. Rb3 Rd8 45. Bf1 Rd2 46. Ra5 Rdd7 47. Rab5 h5 48. g5 Nd5 49. Rb7 Rd8 50. a7 Rxb7
51. Rxb7 Ra8 52. Bc4 Nf4+ 53. Kg3 Nd3 54. Bxf7 Ne5 55. Rb8
1-0

[Event "2019 Standard Chess Dropout Tournament, Round 2"]
[Site "SchemingMind.com"]
[Date "2019.04.10"]
[Round "2"]
[White "Omahony"]
[Black "kenneth m day"]
[Result "1/2-1/2"]
[WhiteCountry "ENG"]
[BlackCountry "USA"]
[WhiteElo "1735"]
[WhiteRD "70"]
[BlackElo "1709"]
[BlackRD "50"]
[GameID "440132"]

1. d4 Nf6 2. e3 g6 3. Be2 Bg7 4. Nd2 d6 5. f4 O-O 6. Bf3 Nc6 7. c3 Bd7 8. Ne2 Re8 9. O-O Bg4 10. Ng3 Bxf3
11. Nxf3 Nd5 12. c4 Nf6 13. Bd2 e5 14. Bc3 Ng4 15. Qd2 exf4 16. exf4 Re7 17. Rae1 Qd7 18. Rxe7 Nxe7 19. Re1 Re8 20. h3 Nf6
21. Re2 d5 22. Ne5 Qd8 23. b3 c6 24. Qe1 Nd7 25. Bb4 dxc4 26. bxc4 Nxe5 27. dxe5 Qd4+ 28. Kh1 Qxc4 29. Ne4 Nc8 30. g3 Rd8
31. Nd6 Nxd6 32. Bxd6 Bf8 33. Bxf8 Kxf8 34. Kh2 b6 35. e6 fxe6 36. Rxe6 Rd2+ 37. Qxd2 Qxe6 38. Qd8+ Qe8 39. Qd6+ Qe7 40. Qxc6 Qe8=
1/2-1/2

[Event "2019 Standard Chess Dropout Tournament, Round 2"]
[Site "SchemingMind.com"]
[Date "2019.04.15"]
[Round "2"]
[White "Dan Geana"]
[Black "George Dimitrov"]
[Result "1-0"]
[WhiteCountry "ROU"]
[BlackCountry "BUL"]
[WhiteElo "2622"]
[WhiteRD "119"]
[BlackElo "2450"]
[BlackRD "87"]
[GameID "440133"]

1. e4 e5 2. Nf3 Nc6 3. Bb5 a6 4. Ba4 Nf6 5. O-O Be7 6. Re1 b5 7. Bb3 d6 8. c3 O-O 9. h3 Na5 10. Bc2 c5
11. d4 Qc7 12. d5 Bd7 13. b3 Nb7 14. Nbd2 Rab8 15. Nf1 c4 16. b4 a5 17. a3 Ra8 18. Be3 Ra6 19. N3d2 Rfa8 20. a4 axb4
21. cxb4 c3 22. Nb1 Qc4 23. Na3 Qxb4 24. Nxb5 Qc4 25. Rb1 Bd8 26. Bd3 Qc8 27. Nxc3 Ra5 28. Rc1 Nc5 29. Bb5 Bxb5 30. Nxb5 Qa6
31. Bxc5 dxc5 32. Nc3 Nd7 33. Qg4 Nb6 34. Ne3 g6 35. d6 Qc8 36. Qg3 Qe6 37. Red1 h5 38. Nb5 Rxa4 39. Nc7 Bxc7 40. dxc7 Qe7
41. Nf5 Qxc7 42. Qg5 Rd4 43. Nxd4 exd4 44. Rxc5 Qd6 45. Qc1 Re8 46. Rc6 Qb4 47. Qa1 Qb5 48. Rd6 Na8 49. Qa7 Qb8 50. Qxd4 Nc7
51. Qf6 Qb3 52. Rd8 Qe6 53. Qxe6 fxe6 54. R1d7 Kf8 55. Rxe8+ Nxe8 56. Rd8 Kf7 57. Rxe8 Kxe8 58. f4 Kf7 59. e5
1-0

[Event "2019 Standard Chess Dropout Tournament, Round 2"]
[Site "SchemingMind.com"]
[Date "2019.04.12"]
[Round "2"]
[White "PION4290"]
[Black "John Hamer"]
[Result "0-1"]
[WhiteCountry "CAN"]
[BlackCountry "ENG"]
[WhiteElo "1623"]
[WhiteRD "85"]
[BlackElo "1976"]
[BlackRD "69"]
[GameID "440134"]

1. d4 Nf6 2. Bf4 d5 3. Nd2 e6 4. Ngf3 Be7 5. e3 O-O 6. Bd3 c5 7. c3 Nc6 8. Qe2 Re8 9. h4 Nh5 10. Ng5 g6
11. g4 Ng7 12. Ndf3 cxd4 13. exd4 e5 14. dxe5 Bxg4 15. Qe3 Rc8 16. O-O-O d4 17. Qe2 Bxg5 18. hxg5 Ne6 19. Rh4 Nxf4 20. Qe4 Nxd3+
21. Rxd3 Bxf3 22. Rxf3 Rxe5 23. Qd3 Re1+ 24. Kd2 Ne5 25. Kxe1 Nxd3+ 26. Rxd3 Qe7+ 27. Kf1 Qxg5 28. Rhxd4 Qb5 29. Kg2 Qxb2 30. Kg3 Rxc3
31. Rd8+ Kg7 32. Rd7 Rc1 33. Rf3 Qe5+ 34. Kg2 Qg5+ 35. Rg3 Qh5 36. Rgd3 Qg4+ 37. Kh2 Rf1 38. Rd2 Qf3 39. R7d3 Rh1#
0-1

[Event "2019 Standard Chess Dropout Tournament, Round 2"]
[Site "SchemingMind.com"]
[Date "2019.04.15"]
[Round "2"]
[White "pnwmusichound"]
[Black "Dan Geana"]
[Result "0-1"]
[WhiteCountry "USA"]
[BlackCountry "ROU"]
[WhiteElo "1920"]
[WhiteRD "105"]
[BlackElo "2597"]
[BlackRD "116"]
[GameID "440136"]

1. f4 d5 2. Nf3 Nf6 3. g3 g6 4. Bg2 Bg7 5. O-O O-O 6. d3 c5 7. c3 Nc6 8. Qc2 d4 9. e4 dxe3 10. Bxe3 Bf5
11. Ne1 c4 12. Be4 cxd3 13. Bxd3 Bh3 14. Ng2 Rc8 15. Nd2 Nb4 16. Qb3 Nxd3 17. Bd4 Ng4 18. Rfd1 Bxd4+ 19. cxd4 Qxd4+
0-1

[Event "2019 Standard Chess Dropout Tournament, Round 2"]
[Site "SchemingMind.com"]
[Date "2019.04.10"]
[Round "2"]
[White "Ramesh Panwar"]
[Black "Johnny Owens"]
[Result "1/2-1/2"]
[WhiteCountry "IND"]
[BlackCountry "USA"]
[WhiteElo "2564"]
[WhiteRD "78"]
[BlackElo "2411"]
[BlackRD "74"]
[GameID "440137"]

1. e4 e6 2. d4 d5 3. Nc3 dxe4 4. Nxe4 Nd7 5. Nf3 Ngf6 6. Nxf6+ Nxf6 7. Bd3 c5 8. Be3 Qc7 9. Qe2 a6 10. O-O b6
11. c3 Bb7 12. Rfe1 h6 13. Ne5 Bd6 14. Bf4 O-O 15. dxc5 Qxc5 16. Rad1 Rad8 17. a3 b5 18. Bg3 Bb8 19. Bc2 Rd5 20. Bf4 Rdd8
21. Bg3 Bc7 22. Bd3 Qe7 23. a4 bxa4 24. Bxa6 Bxa6 25. Qxa6 Ra8 26. Qb7 Rfb8 27. Qf3 Qe8 28. Rd3 Rb5 29. Ng4 Bxg3 30. Nxf6+ gxf6
31. hxg3 Rxb2 32. Qxf6 Qf8 33. Red1 a3 34. Rd8 Rxd8 35. Rxd8 Rb1+ 36. Kh2 a2 37. Rxf8+ Kxf8 38. Qxh6+ Kg8 39. Qg5+ Kh7=
1/2-1/2

[Event "2019 Standard Chess Dropout Tournament, Round 2"]
[Site "SchemingMind.com"]
[Date "2019.04.11"]
[Round "2"]
[White "Ragged Rook"]
[Black "Abstract Actuary"]
[Result "1-0"]
[WhiteCountry "ENG"]
[BlackCountry "USA"]
[WhiteElo "1845"]
[WhiteRD "82"]
[BlackElo "1794"]
[BlackRD "84"]
[GameID "440138"]

1. e4 d6 2. d4 Nf6 3. Bd3 g6 4. c3 Bg7 5. Nf3 c5 6. O-O cxd4 7. cxd4 Nc6 8. h3 Qb6 9. Nc3 O-O 10. Be3 Qxb2
11. Rc1 Qa3 12. Nb5 Qxa2 13. Ra1 Qe6 14. Nc7 Qd7 15. Nxa8 b6 16. Bb5 Bb7 17. Nxb6 axb6 18. d5 Nxe4 19. dxc6 Qf5 20. cxb7 Bxa1
21. Qxa1 Qxb5 22. Qa8 Qe8 23. Qxe8 Rxe8 24. Ra1
1-0

[Event "2019 Standard Chess Dropout Tournament, Round 2"]
[Site "SchemingMind.com"]
[Date "2019.04.10"]
[Round "2"]
[White "Raymond de Kemp"]
[Black "Andreas Flato"]
[Result "1/2-1/2"]
[WhiteCountry "NED"]
[BlackCountry "GER"]
[WhiteElo "1718"]
[WhiteRD "86"]
[BlackElo "1831"]
[BlackRD "96"]
[GameID "440139"]

1. d4 Nf6 2. Bf4 d5 3. e3 Nc6 4. Nd2 Bf5 5. h3 e6 6. c3 Bd6 7. Bxd6 cxd6 8. Ngf3 h6 9. Bb5 O-O 10. Ba4 a6
11. Bc2 Bxc2 12. Qxc2 Rc8 13. a3 e5 14. O-O e4 15. Nh2 b5 16. b4 a5 17. bxa5 Nxa5 18. f3 Nc4 19. Nxc4 Rxc4 20. Rfc1 Re8
21. f4 Qa5 22. Rab1 Rec8 23. Rb3 Ra4 24. Qb2 Rb8 25. Nf1 Ne8 26. Nd2 Nc7 27. Nb1 f5=
1/2-1/2

[Event "2019 Standard Chess Dropout Tournament, Round 2"]
[Site "SchemingMind.com"]
[Date "2019.04.10"]
[Round "2"]
[White "Ronald R. Nurmi"]
[Black "swayne"]
[Result "0-1"]
[WhiteCountry "USA"]
[BlackCountry "ENG"]
[WhiteElo "1765"]
[WhiteRD "73"]
[BlackElo "1751"]
[BlackRD "77"]
[GameID "440140"]

1. d4 d5 2. Bf4 e6 3. e3 Nf6 4. Nd2 Bd6 5. Bg3 O-O 6. Bd3 Nc6 7. c3 a6 8. Ngf3 b5 9. Ne5 Bb7 10. Qc2 h6
11. h3 Ne7 12. O-O c5 13. dxc5 Bxc5 14. Rac1 Bd6 15. Ndf3 Ne4 16. Bxe4 dxe4 17. Nd4 Qc7 18. Ng4 e5 19. Nb3 f5 20. Nh2 f4
0-1

[Event "2019 Standard Chess Dropout Tournament, Round 2"]
[Site "SchemingMind.com"]
[Date "2019.04.12"]
[Round "2"]
[White "sbb"]
[Black "Robert Pallett"]
[Result "1-0"]
[WhiteCountry "USA"]
[BlackCountry "ENG"]
[WhiteElo "2551"]
[WhiteRD "84"]
[BlackElo "2398"]
[BlackRD "86"]
[GameID "440141"]

1. d4 d5 2. c4 c6 3. Nf3 Nf6 4. e3 Bf5 5. Nc3 e6 6. Nh4 Bg6 7. Be2 dxc4 8. Nxg6 hxg6 9. Bxc4 Nbd7 10. h3 Qc7
11. Bd2 O-O-O 12. Qb3 Kb8 13. O-O-O Nb6 14. Be2 Be7 15. Kb1 Nfd5 16. Nxd5 exd5 17. a4 Nd7 18. a5 Nf6 19. f3 Nh5 20. Bd3 Ng3
21. Rhe1 Bg5 22. a6 b6 23. Rc1 Qd7 24. Rc2 Rc8 25. Rec1 Rc7 26. h4 Bh6 27. Be1 Nf5 28. g4 Nxe3 29. Bg3 Nxc2 30. Rxc2
1-0

[Event "2019 Standard Chess Dropout Tournament, Round 2"]
[Site "SchemingMind.com"]
[Date "2019.04.15"]
[Round "2"]
[White "Shanks"]
[Black "DANDYLIONHONEYBADGER"]
[Result "0-1"]
[WhiteCountry "ENG"]
[BlackCountry "USA"]
[WhiteElo "1297"]
[WhiteRD "73"]
[BlackElo "1365"]
[BlackRD "73"]
[GameID "440142"]

1. e4 e5 2. Nc3 c6 3. g3 a6 4. Bg2 Nh6 5. a3 Bd6 6. d4 Qe7 7. d5 c5 8. Be3 Ng4 9. Bc1 Nf6 10. Nce2 b6
11. c4 Nh5 12. Nc3 O-O 13. Qxh5 Qf6 14. Qe2 a5 15. a4 Na6 16. Nh3 h6 17. Be3 Nb4 18. O-O Ba6 19. b3 g5 20. f3 Be7
21. Nb5 Bxb5 22. cxb5 d6 23. Nf2 Kh7 24. Ng4 Qg7 25. h4 gxh4 26. gxh4 Rg8 27. Bf2 h5 28. Ne3 f5 29. exf5 Nxd5 30. Ng4 Nf4
31. Qc2 hxg4 32. f6+ Qg6 33. Qxg6+ Rxg6 34. fxe7 gxf3 35. Be3 Nxg2 36. Bf2 Ne3+ 37. Kh2 Nxf1+ 38. Kh3 Nd2 39. Ra2 Nxb3 40. Ra3 Nd2
41. Rd3 Ne4 42. Rxf3 Nxf2+ 43. Rxf2 Re8 44. Rf7+ Rg7 45. Rxg7+ Kxg7 46. Kg3 c4 47. Kf3 Rxe7 48. Ke3 d5 49. Kd2 d4
0-1

[Event "2019 Standard Chess Dropout Tournament, Round 2"]
[Site "SchemingMind.com"]
[Date "2019.04.10"]
[Round "2"]
[White "simon_w"]
[Black "JPT"]
[Result "0-1"]
[WhiteCountry "IRL"]
[BlackCountry "INT"]
[WhiteElo "1691"]
[WhiteRD "115"]
[BlackElo "1770"]
[BlackRD "90"]
[GameID "440143"]

1. e4 d5 2. exd5 Qxd5 3. Nc3 Qa5 4. d4 Nf6 5. Bd2 c6 6. Nf3 Qc7 7. Bd3 Bg4 8. h3 Bh5 9. Qe2 e6 10. O-O-O Nd5
11. Nxd5 cxd5 12. g4 Bg6 13. Bxg6 hxg6 14. g5 Nc6 15. Kb1 Bd6 16. a3 Qb6 17. Bc3 Bxa3 18. Kc1 Bd6 19. Rd3 Qa6 20. b3 Qa3+
21. Kd1 Bf4 22. Re3 a6 23. Kd2 Kd7 24. h4 Ne7 25. Ra1 Qd6 26. Ne5+ Ke8 27. Qf3 Rxh4 28. Kd3 Bxe5 29. Rxe5 Rc8 30. Qg3 Nf5
31. Rxf5 Qc6 32. Bd2 Qxc2+ 33. Ke2 Re4+
0-1

[Event "2019 Standard Chess Dropout Tournament, Round 2"]
[Site "SchemingMind.com"]
[Date "2019.04.10"]
[Round "2"]
[White "smothered mate"]
[Black "Thomas Jacob Kelly"]
[Result "1-0"]
[WhiteCountry "POL"]
[BlackCountry "USA"]
[WhiteElo "2241"]
[WhiteRD "77"]
[BlackElo "1678"]
[BlackRD "82"]
[GameID "440144"]

1. e4 c6 2. d4 d5 3. Nc3 dxe4 4. Nxe4 Bf5 5. Ng3 Bg6 6. h4 h6 7. h5 Bh7 8. Nf3 Nd7 9. Bd3 Bxd3 10. Qxd3 Qc7
11. Bd2 e6 12. Ne4 Ngf6 13. O-O-O O-O-O 14. Kb1 c5 15. Nc3 a6 16. Qe2 Nb6 17. dxc5 Bxc5 18. g3 Nfd5 19. Ne4 Na4 20. Nxc5 Qxc5
21. Rh4 b5 22. c4 Ndb6 23. Rc1 Qf5+ 24. Ka1 Kb7 25. Rf4 Qxh5 26. g4 Qg6 27. Ne5 Qh7 28. Rxf7+ Kb8 29. Nc6+ Kc8 30. Na7+
1-0

[Event "2019 Standard Chess Dropout Tournament, Round 2"]
[Site "SchemingMind.com"]
[Date "2019.04.11"]
[Round "2"]
[White "Allan Sedstrem"]
[Black "bmariusz"]
[Result "0-1"]
[WhiteCountry "SCO"]
[BlackCountry "POL"]
[WhiteElo "1551"]
[WhiteRD "65"]
[BlackElo "1973"]
[BlackRD "109"]
[GameID "440145"]

1. c4 e5 2. Nc3 Bb4 3. Qb3 Nc6 4. g3 Nd4 5. Qa4 Nf6 6. e3 Bxc3 7. exd4 Bxd4 8. Nf3 Bc5 9. Nxe5 Qe7 10. f4 O-O
11. Be2 d6 12. Nd3 Qe4 13. Nf2 Bxf2+ 14. Kxf2 Qxh1 15. h4 Ng4+ 16. Bxg4 Bxg4 17. Qb3 Rae8 18. Qd3 Qh2+ 19. Kf1 Bh3#
0-1

[Event "2019 Standard Chess Dropout Tournament, Round 2"]
[Site "SchemingMind.com"]
[Date "2019.04.12"]
[Round "2"]
[White "spittingfire"]
[Black "William Lindberg"]
[Result "0-1"]
[WhiteCountry "CAN"]
[BlackCountry "USA"]
[WhiteElo "2139"]
[WhiteRD "199"]
[BlackElo "2510"]
[BlackRD "68"]
[GameID "440146"]

1. d4 Nf6 2. c4 e6 3. Nf3 d5 4. Bf4 dxc4 5. Qa4+ Nbd7 6. e3 Be7 7. Bxc4 O-O 8. O-O Nb6 9. Qc2 Nxc4 10. Qxc4 Bd6
11. Bg5 h6 12. Bh4 b6
0-1

[Event "2019 Standard Chess Dropout Tournament, Round 2"]
[Site "SchemingMind.com"]
[Date "2019.04.11"]
[Round "2"]
[White "splinter"]
[Black "echecs"]
[Result "1/2-1/2"]
[WhiteCountry "CAN"]
[BlackCountry "ENG"]
[WhiteElo "1786"]
[WhiteRD "75"]
[BlackElo "1785"]
[BlackRD "61"]
[GameID "440147"]

1. c4 c5 2. Nf3 Nf6 3. Nc3 Nc6 4. g3 g6 5. Bg2 Bg7 6. O-O b6 7. Ne5 Bb7 8. Nxc6 Bxc6 9. Bxc6 dxc6 10. d3 O-O
11. Qc2 Qd7 12. Kg2 Qg4 13. f3 Qe6 14. Bd2 Rfd8 15. Rae1 h5 16. Qc1 Nd7 17. h4 a6 18. Ne4 Rdc8 19. Ng5 Qd6 20. Qc2 b5
21. b3 Nf8 22. f4 Ne6 23. Ne4 Qd7 24. e3 Rd8 25. Nf2 Nc7 26. Rd1 b4 27. Bc1 a5 28. Bb2 Bxb2 29. Qxb2 Ne8 30. Ne4 Qa7
31. Qe5 Nd6 32. Nxc5 Nf5 33. d4 Rd6 34. Qe4 Rad8 35. Rfe1 Ng7 36. Kh2 Ne6 37. Nxe6 Rxe6 38. Qf3 a4 39. d5 cxd5 40. cxd5 Red6
41. e4 Rc8 42. Rc1 Rdd8 43. f5 axb3 44. fxg6 fxg6 45. Rxc8 Rxc8 46. axb3 Rc2+ 47. Re2 Rc3 48. Qf4 Qc5 49. Rf2 Rc2 50. Qf7+ Kh8
51. Qf8+ Kh7 52. Qf7+ Kh6=
1/2-1/2

[Event "2019 Standard Chess Dropout Tournament, Round 2"]
[Site "SchemingMind.com"]
[Date "2019.04.15"]
[Round "2"]
[White "Stephen Woodhouse"]
[Black "Sebastian Strauchler"]
[Result "0-1"]
[WhiteCountry "ENG"]
[BlackCountry "ARG"]
[WhiteElo "1880"]
[WhiteRD "87"]
[BlackElo "2253"]
[BlackRD "115"]
[GameID "440148"]

1. e4 c5 2. c3 d5 3. exd5 Qxd5 4. d4 g6 5. Nf3 Bg7 6. Na3 cxd4 7. cxd4 Nf6 8. Bc4 Qe4+ 9. Be3 O-O 10. Nb5 Nc6
11. O-O Bg4 12. h3 Bxf3 13. Qxf3 Qxf3 14. gxf3 Rfd8 15. Rfd1 Rac8 16. Rac1 Nd5 17. Be2 h5 18. Nc3 e6 19. Nxd5 Rxd5 20. Bc4 Rd6
21. d5 Rcd8 22. Bc5 R6d7 23. d6 Bxb2 24. Rb1 Be5 25. Bb5 Bxd6 26. Bxc6 bxc6 27. Rxd6 Rxd6 28. Bxd6 Rxd6 29. Rb7 a5 30. Rb6 Rd2
31. Rxc6 Rxa2 32. Kg2 a4 33. Kg3 a3 34. Ra6 Kg7 35. f4 Kf6 36. Ra5 Ra1 37. Kg2 a2 38. Kf3 Ke7 39. Ra6 Kd7 40. Kg2 Kc7
41. Ra7+ Kb6 42. Ra8 Kc5 43. Rc8+ Kd4 44. Ra8 Ke4 45. Ra4+ Kf5 46. Kf3 Rh1 47. Rxa2 Rxh3+ 48. Kg2 Rh4 49. Kf3 Rxf4+ 50. Kg3 g5
0-1

[Event "2019 Standard Chess Dropout Tournament, Round 2"]
[Site "SchemingMind.com"]
[Date "2019.04.11"]
[Round "2"]
[White "surfnsuds"]
[Black "wight knight"]
[Result "1-0"]
[WhiteCountry "USA"]
[BlackCountry "ENG"]
[WhiteElo "1360"]
[WhiteRD "80"]
[BlackElo "1254"]
[BlackRD "63"]
[GameID "440149"]

1. d4 Nc6 2. Nf3 f6 3. Nc3 g6 4. e4 e5 5. d5 Nce7 6. Bd3 Bh6 7. O-O Bxc1 8. Qxc1 c6 9. d6 f5 10. dxe7 Qxe7
11. exf5 gxf5 12. Bxf5 Nh6 13. Be4 d5 14. Bxd5 cxd5 15. Nxd5 Qg7 16. g3 Bh3 17. Re1 Nf5 18. Rxe5+ Kd8 19. Qg5+ Qxg5 20. Nxg5 Nh6
21. Nxh3 Ng4 22. Nhf4 Nxe5 23. Rd1 Rc8 24. Nb6+ Kc7 25. Nxc8 Rxc8 26. Ne6+ Kb8 27. c3 Nc4 28. Ng5 Nxb2 29. Rb1 Nd3 30. Nxh7 Rxc3
31. Kf1 a5 32. Ke2 Nb4 33. h4 Rc2+ 34. Kf3 Rxa2 35. Rf1 Ra3+ 36. Kg4 a4 37. Rd1 Rd3 38. Re1 a3 39. Ra1 a2 40. h5 Rd2
41. f4 Nc6 42. Nf8 b5 43. h6 Rh2 44. h7 Nb4 45. Kf3 Kc7 46. g4 Kd8 47. Ne6+ Ke7 48. Ng5 Nc2 49. Rxa2 Nd4+ 50. Ke4 Rh4
51. Kxd4 Kf8 52. Ra8+ Kg7 53. Rg8+ Kf6 54. h8=Q+ Rxh8 55. Rxh8 Ke7 56. Rb8 Kf6 57. Rxb5 Kg6 58. Rf5 Kh6 59. Rf8 Kg6 60. Ke5 Kh6
61. Ne6 Kh7 62. Kf6 Kh6 63. Rh8#
1-0

[Event "2019 Standard Chess Dropout Tournament, Round 2"]
[Site "SchemingMind.com"]
[Date "2019.04.15"]
[Round "2"]
[White "swayne"]
[Black "Keithk"]
[Result "0-1"]
[WhiteCountry "ENG"]
[BlackCountry "ENG"]
[WhiteElo "1765"]
[WhiteRD "93"]
[BlackElo "2553"]
[BlackRD "67"]
[GameID "440150"]

1. d4 d5 2. Nc3 Nf6 3. e3 c5 4. dxc5 e5 5. Nf3 Nc6 6. Be2 Bxc5 7. O-O O-O 8. a3 a6 9. b4 Ba7 10. Bb2 Re8
11. b5 Na5 12. Na4 axb5 13. Bxb5 Bd7 14. Bxd7 Qxd7 15. Nc3 Nc4 16. Bc1 Qc6 17. Na2 Bc5 18. Nc3 Bf8 19. Ne2 Ne4 20. c3 Red8
21. Qc2 g6 22. h4 Bc5 23. Ng5 h5 24. Nxe4 dxe4 25. a4 Rd3 26. Qb3 Be7 27. g3 Kg7 28. Kh2 Rd5 29. Rd1 Rda5 30. Kg2 Qc8
31. Bb2 Qe6 32. Kg1 Rb8 33. Bc1 b5 34. Qc2 Qg4 35. Rd5 b4 36. Rxa5 b3 37. Qd1 Nxa5 38. Rb1 Nc4 39. Rxb3 Rxb3 40. Qxb3 Qxe2
41. Qb5 Qe1+ 42. Kg2 Qxc3 43. Qb7 Bb4 44. Qb5 Ba5 45. Qb1 Qd3 46. Qxd3 exd3 47. Kf3 d2 48. Bxd2 Nxd2+ 49. Ke2 e4
0-1

[Event "2019 Standard Chess Dropout Tournament, Round 2"]
[Site "SchemingMind.com"]
[Date "2019.04.12"]
[Round "2"]
[White "Udo Sprang"]
[Black "Don71"]
[Result "0-1"]
[WhiteCountry "NED"]
[BlackCountry "NIR"]
[WhiteElo "1941"]
[WhiteRD "115"]
[BlackElo "2409"]
[BlackRD "88"]
[GameID "440151"]

1. e4 e5 2. Nf3 Nc6 3. d4 exd4 4. Nxd4 Qh4 5. Nc3 Bb4 6. Be2 Qxe4 7. Nb5 Bxc3+ 8. bxc3 Kd8 9. O-O Nge7 10. Bd3 Qa4
11. Re1 d6 12. Bb2 f6 13. Nd4 Ne5 14. Bb5 Qa5 15. h3 Qb6 16. Rb1 c5 17. Nb3 Qxb5 18. Qxd6+ Qd7 19. Rbd1 Qxd6 20. Rxd6+ Kc7
21. Rdd1 b6 22. Bc1 N7g6 23. f4 Nf7 24. Re2 Nd6 25. Rd5 Bb7 26. Rd3 Ba6
0-1

[Event "2019 Standard Chess Dropout Tournament, Round 2"]
[Site "SchemingMind.com"]
[Date "2019.04.11"]
[Round "2"]
[White "wight knight"]
[Black "klagefall"]
[Result "0-1"]
[WhiteCountry "ENG"]
[BlackCountry "GER"]
[WhiteElo "1254"]
[WhiteRD "63"]
[BlackElo "2020"]
[BlackRD "112"]
[GameID "440152"]

1. e4 e5 2. Bc4 Nc6 3. c3 Nf6 4. f3 d5 5. exd5 Nxd5 6. Bxd5 Qxd5 7. Qb3 Qxb3 8. axb3 Be6 9. Nh3 Bxb3 10. Ra3 Bxa3
11. Nxa3 f6 12. Nb5 O-O-O 13. d3 Rxd3 14. O-O Rhd8 15. Nf2 R3d7 16. g4 Bc4 17. Na3 Bxf1 18. Kxf1 a6 19. h4 Rd1+ 20. Nxd1 Rxd1+
21. Ke2 Rxc1 22. h5 g5 23. Kd2 Rh1 24. Ke3 Kd7 25. Ke4 Ke6 26. b4 Rc1 27. Kd3 b5 28. Kd2 Ra1 29. Nc2 Ra2 30. Kc1 Rxc2+
31. Kxc2 Kd5 32. Kd3 Nd8 33. h6 Ne6 34. Ke3 Nf4 35. Kf2 c5 36. Ke3 Ng6 37. Kd3 Ne7 38. Ke3 cxb4
0-1

[Event "2019 Standard Chess Dropout Tournament, Round 2"]
[Site "SchemingMind.com"]
[Date "2019.04.15"]
[Round "2"]
[White "Wojtek26"]
[Black "Michael Christensen"]
[Result "1-0"]
[WhiteCountry "POL"]
[BlackCountry "GER"]
[WhiteElo "1636"]
[WhiteRD "70"]
[BlackElo "1560"]
[BlackRD "108"]
[GameID "440153"]

1. d4 b5 2. e3 Bb7 3. Nf3 a6 4. Be2 Nc6 5. O-O d6 6. c4 b4 7. b3 e6 8. Bd2 a5 9. e4 g6 10. d5 exd5
11. exd5 Nce7 12. Bg5 Bg7 13. Nbd2 Nf6 14. Bd3 Nd7 15. Re1 Ne5 16. Nxe5 Bxe5 17. Bxe7 Qxe7 18. f4 Bd4+ 19. Kh1 Be3 20. Qf3 O-O
21. Rxe3 Qf6 22. Rae1
1-0

[Event "2019 Standard Chess Dropout Tournament, Round 2"]
[Site "SchemingMind.com"]
[Date "2019.04.15"]
[Round "2"]
[White "Wolli"]
[Black "Lanaroon"]
[Result "1-0"]
[WhiteCountry "GER"]
[BlackCountry "ENG"]
[WhiteElo "1628"]
[WhiteRD "88"]
[BlackElo "1508"]
[BlackRD "109"]
[GameID "440154"]

1. c4 e5 2. g3 d6 3. Bg2 g6 4. Nc3 Nf6 5. b3 Bd7 6. Nf3 Bg7 7. O-O c5 8. Bb2 O-O 9. e3 Bc6 10. d4 exd4
11. exd4 cxd4 12. Nxd4 Bxg2 13. Kxg2 Nc6 14. Nxc6 bxc6 15. Qc2 Nh5 16. Ne4 Bxb2 17. Qxb2 f5 18. Nd2 Qf6 19. Qxf6 Rxf6 20. Rfe1 Kf7
21. Re2 g5 22. Rae1 f4 23. Re7+ Kg6 24. Ne4 f3+ 25. Kf1 Rff8 26. Nxd6 Rad8 27. c5 Ng7 28. a3 Nf5 29. Nxf5 Kxf5 30. Rxh7 Rd3
31. Rxa7 Rxb3 32. Ra6 Rh8 33. Kg1 Rh6 34. a4 Rc3 35. Ra5 Re6 36. Kf1 Rxe1+ 37. Kxe1 Kg4 38. Kd2 Ra3 39. Ra6 Ra2+ 40. Ke3 Re2+
41. Kd3 Rxf2 42. Rxc6 Rxh2 43. Rf6 f2 44. Ke3
1-0

[Event "2019 Standard Chess Dropout Tournament, Round 3"]
[Site "SchemingMind.com"]
[Date "2019.08.14"]
[Round "3"]
[White "2curious"]
[Black "Thomas Jacob Kelly"]
[Result "0-1"]
[WhiteCountry "USA"]
[BlackCountry "USA"]
[WhiteElo "1960"]
[WhiteRD "113"]
[BlackElo "1781"]
[BlackRD "82"]
[GameID "444689"]

1. d4 f5 2. Nf3 Nf6 3. g3 g6 4. Bg2 Bg7 5. e3 c5 6. c4 Na6 7. Nbd2 Qb6 8. O-O e6 9. a3 d5 10. b4 cxb4
11. Ne5 Nd7
0-1

[Event "2019 Standard Chess Dropout Tournament, Round 3"]
[Site "SchemingMind.com"]
[Date "2019.08.16"]
[Round "3"]
[White "Andreas Flato"]
[Black "clare1347"]
[Result "0-1"]
[WhiteCountry "GER"]
[BlackCountry "ENG"]
[WhiteElo "1846"]
[WhiteRD "115"]
[BlackElo "2304"]
[BlackRD "98"]
[GameID "444690"]

1. e4 e5 2. Nf3 Nc6 3. Bc4 Nf6 4. Ng5 d5 5. exd5 Na5 6. Bb5+ c6 7. dxc6 bxc6 8. Be2 h6 9. Nf3 e4 10. Ne5 Bc5
11. O-O O-O 12. d3 Bd4 13. Ng4 Nxg4 14. Bxg4 exd3 15. c3 Be5 16. Bxc8 Rxc8 17. Qh5 Re8 18. Nd2 Qd5 19. Nf3 Rcd8 20. Re1 Nc4
21. Nd2 Bxh2+ 22. Qxh2 Rxe1+
0-1

[Event "2019 Standard Chess Dropout Tournament, Round 3"]
[Site "SchemingMind.com"]
[Date "2019.08.16"]
[Round "3"]
[White "anne"]
[Black "pnwmusichound"]
[Result "1-0"]
[WhiteCountry "GER"]
[BlackCountry "USA"]
[WhiteElo "2156"]
[WhiteRD "95"]
[BlackElo "1902"]
[BlackRD "108"]
[GameID "444691"]

1. e4 e5 2. Nf3 Nf6 3. Nxe5 d6 4. Nf3 Nxe4 5. d4 d5 6. Bd3 Bd6 7. O-O O-O 8. c4 c6 9. cxd5 cxd5 10. Nc3 Nxc3
11. bxc3 Qc7 12. Qb3 Be6 13. Ba3 Bxa3 14. Qxa3 h6 15. Bh7+ Kxh7 16. Qxf8 Qxc3 17. Rac1 Qa5 18. Rfe1 Kg6 19. Rxe6+ fxe6 20. Qe8+ Kf5
21. Qf7+
1-0

[Event "2019 Standard Chess Dropout Tournament, Round 3"]
[Site "SchemingMind.com"]
[Date "2019.08.14"]
[Round "3"]
[White "Apocalypse"]
[Black "Diadoco"]
[Result "0-1"]
[WhiteCountry "USA"]
[BlackCountry "MEX"]
[WhiteElo "2276"]
[WhiteRD "84"]
[BlackElo "2065"]
[BlackRD "94"]
[GameID "444692"]

1. d4 d5 2. Nc3 c5 3. Bf4 Nc6 4. e3 cxd4 5. exd4 Bf5 6. Bd3 Bxd3 7. Qxd3 e6 8. Nce2 Nf6 9. c3 Bd6 10. Nf3 Bxf4
11. Nxf4 Qc7 12. Nh3 h6 13. O-O g5 14. Nd2 g4 15. Qg3 Qxg3 16. fxg3 gxh3 17. Rxf6 hxg2 18. Rf4 Ke7 19. Nf3 Rag8 20. Nh4 Rg7
21. Kxg2 f5 22. Kf1 Rhg8 23. Ng2 Rg4 24. Rxg4 Rxg4 25. Nf4 Kd6 26. Re1 Nd8 27. Re2 b5 28. a3 Rg7 29. Kg1 Rg4 30. Kh1 Rg7
31. Kg2 Rg4 32. Kh3 Kd7 33. b4 Kd6 34. a4 a6 35. axb5 axb5 36. Ra2 Kc6 37. Kg2 Kb7 38. Re2 Kc8 39. Nxe6 Re4 40. Rxe4 dxe4
41. Nxd8 Kxd8 42. g4 f4
0-1